书目信息 |
| 题名: |
GPS测量及应用
|
|
| 作者: | 罗强 主编 | |
| 分册: | ||
| 出版信息: | 北京 机械工业出版社 2014 |
|
| 页数: | 175页 | |
| 开本: | 26cm | |
| 丛书名: | ||
| 单 册: | ||
| 中图分类: | P228.4 | |
| 科图分类: | ||
| 主题词: | 全球定位系统--Quan Qiu Ding Wei Xi Tong--测量技术--职业教育--教材 | |
| 电子资源: | ||
| ISBN: | 978-7-111-43369-9 | |
| 000 | 00911nam0 22002411 450 | |
| 001 | 0101082519 | |
| 005 | 20161201144506.71 | |
| 010 | @a978-7-111-43369-9@dCNY26.00 | |
| 100 | @a20140307d2014 em y0chiy50 ea | |
| 101 | 0 | @achi |
| 102 | @aCN@b110000 | |
| 105 | @ay z 000yy | |
| 106 | @ar | |
| 200 | 1 | @aGPS测量及应用@AGPSCe Liang Ji Ying Yong@f罗强主编 |
| 210 | @a北京@c机械工业出版社@d2014 | |
| 215 | @a175页@d26cm | |
| 300 | @a职业教育工程测量技术专业“十二五”规划教材 | |
| 330 | @a本书共分9个单元,介绍了GPS的组成、限制性政策和其重大发展情况,GPS的坐标和时间系统,电磁波的传播与GPS卫星的信号,GPS卫星定位的误差来源及其处理措施,GPS卫星的运动和其坐标计算,GPS定位的原理等。 | |
| 606 | 0 | @a全球定位系统@AQuan Qiu Ding Wei Xi Tong@x测量技术@x职业教育@j教材 |
| 690 | @aP228.4@v5 | |
| 701 | 0 | @a罗强@ALuo Qiang@f(1980~)@4主编 |
| 801 | 0 | @aCN@bTANGWEI@c20161128 |
| 905 | @b0952117-21@dP228.4@e250@f5 | |
| GPS测量及应用/罗强主编.-北京:机械工业出版社,2014 |
| 175页;26cm |
| 职业教育工程测量技术专业“十二五”规划教材 |
| ISBN 978-7-111-43369-9:CNY26.00 |
| 本书共分9个单元,介绍了GPS的组成、限制性政策和其重大发展情况,GPS的坐标和时间系统,电磁波的传播与GPS卫星的信号,GPS卫星定位的误差来源及其处理措施,GPS卫星的运动和其坐标计算,GPS定位的原理等。 |
| ● |
| 相关链接 |
|
|
|
|
正题名:GPS测量及应用
索取号:P228.4/250
 
预约/预借
| 序号 | 登录号 | 条形码 | 馆藏地/架位号 | 状态 | 备注 |
| 1 | 0952117 | 209521178 | 第二样本阅览室/ [索取号:P228.4/250] | 在馆 | |
| 2 | 0952118 | 209521187 | 第三借阅区/ [索取号:P228.4/250] | 在馆 | |
| 3 | 0952119 | 209521196 | 第三借阅区/ [索取号:P228.4/250] | 在馆 | |
| 4 | 0952120 | 209521203 | 第三借阅区/ [索取号:P228.4/250] | 在馆 | |
| 5 | 0952121 | 209521212 | 第三借阅区/ [索取号:P228.4/250] | 在馆 |